Handbuch der Lebensmittelchemie Band VIII. Wasser und Luft
Salvato in:
| Natura: | Libro |
|---|---|
| Lingua: | tedesco |
| Pubblicazione: |
Berlin
Springer-Verlag
1969
|
| Soggetti: | |
| Accesso online: | Visualizza in OPAC |
| Tags: |
Nessun Tag, puoi essere il primo ad aggiungerne!!
|
MARC
| LEADER | 00000nam a2200000 a 4500 | ||
|---|---|---|---|
| 005 | 20260127134255.0 | ||
| 008 | 090518 1969 gw 000 0 ger d | ||
| 035 | |a vtls009513564 | ||
| 039 | 9 | |y 200905180905 |z mschk03 | |
| 040 | |a STUSCHK1 |b slo |c STUSCHK1 |e AACR2 | ||
| 245 | 1 | |a Handbuch der Lebensmittelchemie |n Band VIII. Wasser und Luft | |
| 260 | |a Berlin |b Springer-Verlag |c 1969 | ||
| 300 | |a xxx, 861 s. |b il. |c 25 cm | ||
| 650 | 0 | |a wasser | |
| 650 | 0 | |a luft | |
| 910 | |a SCHK95 | ||
| 999 | |c 8450 |d 8450 | ||